Schaum`s Outline of theory and Problem`s of strength of Materials (Record no. 7222)

000 -LEADER
fixed length control field 00544nam a22002057a 4500
001 - CONTROL NUMBER
control field 7222
003 - CONTROL NUMBER IDENTIFIER
control field BD-DhUET
008 - FIXED-LENGTH DATA ELEMENTS--GENERAL INFORMATION
fixed length control field 141207b xxu||||| |||| 00| 0 eng d
020 ## - INTERNATIONAL STANDARD BOOK NUMBER
International Standard Book Number 070458944
040 ## - CATALOGING SOURCE
Original cataloging agency DLC
Transcribing agency DLC
Modifying agency BD-DhUET
082 ## - DEWEY DECIMAL CLASSIFICATION NUMBER
Classification number 620.11
Item number NAS/1972
100 ## - MAIN ENTRY--PERSONAL NAME
Personal name Nash,Willam A.
245 ## - TITLE STATEMENT
Title Schaum`s Outline of theory and Problem`s of strength of Materials
250 ## - EDITION STATEMENT
Edition statement 2nd ed.
260 ## - PUBLICATION, DISTRIBUTION, ETC. (IMPRINT)
Place of publication, distribution, etc. New York
Name of publisher, distributor, etc. Mcgraw - Hill
Date of publication, distribution, etc. 1972
300 ## - PHYSICAL DESCRIPTION
Extent 396 p.
490 ## - SERIES STATEMENT
Series statement Schaum's outline series
650 #0 - SUBJECT ADDED ENTRY--TOPICAL TERM
Topical term or geographic name as entry element Strength of materials
942 ## - ADDED ENTRY ELEMENTS (KOHA)
Koha item type General Book
Holdings
Copy number Piece designation (barcode) Source of classification or shelving scheme Koha item type Lost status Koha date last seen Sublocation or collection (holding branch) Koha normalized classification for sorting Price effective from Koha issues (times borrowed) Location (home branch) Damaged status Withdrawn status Koha date last borrowed Date acquired Koha full call number Not for loan Shelving location Koha renewals
130119 General Book 2022-09-12Central Library, BUET620_110000000000000_NAS_19722014-12-071Central Library, BUET  2018-10-272014-12-07620.11/NAS/1972 Circulation section2
234893 General Book 2015-01-29Central Library, BUET620_110000000000000_NAS_19722015-01-29 Central Library, BUET   2015-01-29620.11/NAS/1972 Circulation section 
330114 Reading Item 2015-06-15Central Library, BUET620_110000000000000_NAS_19722015-06-15 Central Library, BUET   2015-06-15620.11/NAS/1972 Reading section 
426295 Reading Item 2015-06-16Central Library, BUET620_110000000000000_NAS_19722015-06-16 Central Library, BUET   2015-06-16620.11/NAS/1972 Reading section 
526294 Reading Item 2015-06-16Central Library, BUET620_110000000000000_NAS_19722015-06-16 Central Library, BUET   2015-06-16620.11/NAS/1972 Reading section 
630128 Reading Item 2015-06-16Central Library, BUET620_110000000000000_NAS_19722015-06-16 Central Library, BUET   2015-06-16620.11/NAS/1972 Reading section